Sports Quiz

Random Sports or MLB Quiz

MLB Beaten in the World Series by the Yankees Quiz Stats

 Plays Quiz Updated May 17, 2018

Score 0/13 Timer 01:00
9 Plays Today
Year(s) Team % Correct
1941, 1947, 1949, 1952, 1953, 1956Brooklyn Dodgers
85.3%
1977, 1978Los Angeles Dodgers
85.2%
1950, 2009Philadelphia Phillies
82.7%
2000New York Mets
82.5%
1996, 1999Atlanta Braves
80.1%
1958Milwaukee Braves
79.8%
1923, 1936, 1937, 1951New York Giants
77.9%
1962San Francisco Giants
77.7%
1928, 1943St. Louis Cardinals
71.8%
1939, 1961Cincinnati Reds
71.7%
1932, 1938Chicago Cubs
64.8%
1998San Diego Padres
61.3%
1927Pittsburgh Pirates
58.1%

You're not logged in!

Compare scores with friends on all Sporcle quizzes.
OR
Log In

Sporcle TV

Today on Sporcle TV


Watch our educational content, quiz creation guides, and fun videos on Sporcle TV.

Show Comments

Extras

Top Quizzes Today


Score Distribution

Your Account Isn't Verified!

In order to create a playlist on Sporcle, you need to verify the email address you used during registration. Go to your Sporcle Settings to finish the process.

Report this User

Report this user for behavior that violates our Community Guidelines.

Details: